000 00583nam a2200193Ii 4500
003 JO-AjNU
008 230605s9999||||xx |||||||||||||| ||und||
040 _aJO-AjNU
_bara
_erda
_cJO-AjNU
041 _aara
050 1 4 _aZ3681.I57
100 3 _aاعداد العنابي، زهر ,
_eauthor
_950329
245 0 0 _aالانتاج الفكري الجزائري
264 3 1 _a1900Z
300 _a400ص
336 _atext
_btxt
_2rdacontent
337 _aunmediated
_bn
_2rdamedia
338 _avolume
_bnc
_2rdacarrier
650 4 _aالانتاج الفكري-الجزائر
_950330
999 _aA22163
_c25731
_d25731